000 01156nmm a2200289 a 4500
001 ocm000965031
003 TR-IsHL
005 20201028150816.0
008 150110s2005 tu tur
007 cr cn
020 _a9789756525104
035 _a965031
_b(N$T)
050 0 4 _aPL216
_b.K87 2005
090 0 4 _aPL216
_b.K87 2005
100 1 _aKurdakul, Şükran
245 1 0 _aÇağdaş Türk edebiyatı II
_h[electronic resource] /
_cŞükran Kurdakul
250 _a6. bs.
260 _aİstanbul :
_bEvrensel Basım Yayın,
_c2005
300 _a325 p.
500 _aDizin ve kaynakça var.
_xc.1 Meşrutiyet dönemi.-- c.2 Meşrutiyet dönemi.-- c.3 Cumhuriyet dönemi şiir.-- c.4 Cumhuriyet dönemi öykü/roman, deneme/eleştiri, edebiyat tarihi, tiyatro-düşün.
_x
650 4 _aDil ve Edebiyat
650 4 _aLanguage and Literature
650 0 _aTürk edebiyatı
_x20.yy.
_xTarih ve eleştiri
650 0 _aTurkish literature
_x20th century
_xHistory and criticism
650 7 _aLITERARY CRITICISM / Middle Eastern
_2bisacsh
856 4 0 _uhttp://search.ebscohost.com/login.aspx?direct=true&scope=site&db=e011xww&AN=965031
999 _c10673
_d10673